<?xml version="1.0" encoding="UTF-8"?>
<record
    xmlns:xsi="http://www.w3.org/2001/XMLSchema-instance"
    xsi:schemaLocation="http://www.loc.gov/MARC21/slim http://www.loc.gov/standards/marcxml/schema/MARC21slim.xsd"
    xmlns="http://www.loc.gov/MARC21/slim">

  <leader>00988nam a22001457a 4500</leader>
  <controlfield tag="008">110823t        xxu||||| |||| 00| 0 eng d</controlfield>
  <datafield tag="050" ind1=" " ind2=" ">
    <subfield code="a">HB171.5 .F696</subfield>
  </datafield>
  <datafield tag="100" ind1=" " ind2=" ">
    <subfield code="a">Foster, Edward</subfield>
    <subfield code="q"> Edward Foster</subfield>
  </datafield>
  <datafield tag="245" ind1=" " ind2=" ">
    <subfield code="a">Economics: an introductory program.</subfield>
    <subfield code="c"> Edward Foster</subfield>
  </datafield>
  <datafield tag="260" ind1=" " ind2=" ">
    <subfield code="a">New York</subfield>
    <subfield code="b"> McGraw-Hill </subfield>
    <subfield code="c">[1970]</subfield>
  </datafield>
  <datafield tag="300" ind1=" " ind2=" ">
    <subfield code="a">xv, 379 p. </subfield>
    <subfield code="c">26 cm</subfield>
  </datafield>
  <datafield tag="505" ind1=" " ind2=" ">
    <subfield code="a">Contents: Fundamentals: The Fundamental economic problems of scarcity -- The Wealth of nationas and the role of markets -- Supply and demand -- National income statistics -- The Theory of Income determination -- The Multiplier and fiscal policy -- The Banking system and the money supply -- The Federal reserve system and monetary policy -- Microeconomics: Supply and demand revisited -- The Theory of demand -- Competitive supply cost -- Supply under imperfect competition -- Production and factor markets -- The Market system and resource alllocation -- Glossary</subfield>
  </datafield>
  <datafield tag="650" ind1=" " ind2=" ">
    <subfield code="a">Economics </subfield>
    <subfield code="x">Programmed instruction</subfield>
  </datafield>
  <datafield tag="942" ind1=" " ind2=" ">
    <subfield code="2">lcc</subfield>
    <subfield code="c">BK</subfield>
  </datafield>
  <datafield tag="999" ind1=" " ind2=" ">
    <subfield code="c">31</subfield>
    <subfield code="d">7531</subfield>
  </datafield>
  <datafield tag="952" ind1=" " ind2=" ">
    <subfield code="0">0</subfield>
    <subfield code="1">0</subfield>
    <subfield code="2">lcc</subfield>
    <subfield code="4">0</subfield>
    <subfield code="7">0</subfield>
    <subfield code="a">WIUC-1</subfield>
    <subfield code="b">WIUC-1</subfield>
    <subfield code="c">GEN</subfield>
    <subfield code="d">2011-08-23</subfield>
    <subfield code="l">0</subfield>
    <subfield code="o">HB171.5 .F696</subfield>
    <subfield code="p">062/11</subfield>
    <subfield code="r">2011-08-23 00:00:00</subfield>
    <subfield code="w">2011-08-23</subfield>
    <subfield code="y">BK</subfield>
  </datafield>
</record>
